000 00779nam a2200229 i 4500
001 bg
100 1 _aKUBIK, Jan
245 1 0 _aĆwiczenia laboratoryjne z fizyki budowli /
_cJan Kubik, Jadwiga Świrska.
260 _aOpole :
_bOficyna Wydawnicza Politechniki Opolskiej,
_c2005.
300 _a79 s. :
_brys. ;
_c24 cm.
490 1 _aSkrypt / Politechnika Opolska. Katedra Fizyki Materiałów,
_x1427-9932 ;
_vnr 275
504 _aBibliogr.
650 9 _aBudownictwo
_xfizyka
655 _aPodręczniki akademickie
700 1 _aŚWIRSKA, Jadwiga
830 0 _aSkrypt (Politechnika Opolska. Katedra Fizyki Materiałów) ;
_vnr 275
040 _cBPK
041 0 _apol
080 _a624.01/.07+69:53](075.8)(076)
942 _cKS
008 s pl f |000 0 pol
999 _c53210
_d53210
856 _uhttp://koha.tu.koszalin.pl/cgi-bin/koha/opac-detail.pl?biblionumber=53210
_yKatalog online BPK